| 000 | 00807nam a2200253Ia 4500 | ||
|---|---|---|---|
| 003 | OSt | ||
| 005 | 20221007122438.0 | ||
| 006 | a|||||r|||| 00| 0 | ||
| 007 | ta | ||
| 008 | 221006b |||||||| |||| 00| 0 eng d | ||
| 020 | _a9789380108162 (pbk) | ||
| 024 | _a95636 | ||
| 037 |
_b2491, 08/02/2010, New India Book Agency _cTextbook |
||
| 040 |
_aPAPL _cPAPL _beng |
||
| 041 |
_2eng _aeng |
||
| 082 | _aB7, Q0 Carpa | ||
| 100 | _aHasbun Javier E | ||
| 245 | 0 | _aClassical mechanics with matlab applications | |
| 260 |
_aBoston _bJones and Bartlett Publishers _c2010 |
||
| 300 |
_axvi, 548p. _ccm. |
||
| 500 | _aReferences 537-538p.; Index 539-548p. | ||
| 942 |
_hB7, Q0 Carpa _cTB _2CC |
||
| 999 |
_c1210359 _d1210359 |
||